00183nam a2200073Ia 4500082001200000245001600012100004000028008004100068 aEF CONN 0aBlood work  a CONNELLY, Michael London, 1998 210817s9999 xx 000 0 und d